Katedra pw. św. Mikołaja w Elbla̜gu

Titel: Katedra pw. św. Mikołaja w Elbla̜gu / [red. naczelny: Artur Kubasik]
Beteiligt:
Ausgabe: Wyd. 1
Veröffentlicht: Elbla̜g : [Pomorska Oficyna Wydawniczo-Reklamowa], 1999
Bydgoszcz ˜[u.a.]œ : Pomorska Oficyna, 1999
Umfang: [102] Seiten : Illustrationen ; 29 cm
Format: Buch
Sprache: Deutsch; Polnisch
Schlagworte:
ISBN: 838809100X
Buchumschlag
X
Lokale Klassifikation: 6 8 E 1 ; 6 9 D ; 6 11 A
alg: 10736333
001A    $06000:26-09-02 
001B    $01999:19-05-23 $t21:52:02.000 
001D    $03004:03-11-09 
001U    $0utf8 
001X    $00 
002@    $0Aau 
002C    $aText $btxt $2rdacontent 
002C    $aunbewegtes Bild $bsti $2rdacontent 
002D    $aohne Hilfsmittel zu benutzen $bn $2rdamedia 
002E    $aBand $bnc $2rdacarrier 
003@    $010736333X 
003O    $076394517 $aOCoLC 
004A    $083-88091-00-X $fPp. 
006G    $0965179893 
006L    $0351378294 $2HEB 
006U    $002,A41,1503 
007A    $0965179893 $aDNB 
007G    $0DE020B8C4AEE6BE6EDF25C12579580047A061 
007I    $0thf135591 
007T    $0Herdt13187 
009P    $qapplication/pdf $A2 $3Inhaltsverzeichnis $uhttp://scans.hebis.de/HEBCGI/show.pl?10736333_toc.pdf $mV:DE-603;B:DE-Mb50 
010@    $ager $apol 
011@    $a1999 $n1999 
013D    $RAdressbuch $RVerzeichnis $#Handbooks, vade-mecums, etc. $#Guides pratiques $#Stadtführer $#Reiseführer Formschlagwort $74155569-7 $8Führer [Ts1] $9085661619 
017A    $asf 
021A    $aKatedra pw. św. Mikołaja w Elbla̜gu $h[red. naczelny: Artur Kubasik] 
028C    $BHerausgeber $4edt $7 $8Kubasik, Artur [Tnd] $9155060023 
032@    $aWyd. 1 
033A    $pElbla̜g $n[Pomorska Oficyna Wydawniczo-Reklamowa] 
033A    $pBydgoszcz {[u.a.] $nPomorska Oficyna 
034D    $a[102] Seiten 
034I    $a29 cm 
034M    $aIllustrationen 
041A/80 $i31.3ab $i3.5a 
041A/90 $hXA-PL 
044K    $qDNB $RElbing $#Sankt Nikolaus-Kirche Elbing $#Świe̜ty Mikołaj Elbing $#Nikolaikirche Elbing $#Sankt-Nikolaus-Kirche Elbing $#St. Nikolaus Elbing $#Kath. Pfarrkirche St. Nikolai Elbing $74449618-7 $8Sankt Nikolai$gElbing [Tg1] $9088834980 
045E    $a45 $a12 $a46 
045F    $a709.43832 $eDDC23BSB 
045F/01 $a709 
045F/03 $g43832 
045G    $a200.943832 $eDDC23BSB 
045G/01 $a200.9 
045G/03 $g43832 
045H    $a307.094382 $eDDC23BSB 
045H/01 $a307.09 
045H/03 $g4382 
045H/03 $g43832 
046C    $aDie @Kathedrale St. Nikolai in Elbing $bÜbersetzung des Haupttitel 
046L    $aText polnisch und deutsch 

lok: 10736333 24
101B    $003-11-09 $t15:58:13.000 
101C    $003-11-09 
101U    $0utf8 
145Z/01 $a6 8 E 1 
145Z/02 $a6 9 D 
145Z/03 $a6 11 A 

exp: 10736333 24 1 #EPN
201B/01 $011-12-09 $t08:02:18.000 
201C/01 $008-06-04 
201U/01 $0utf8 
203@/01 $0215185536 
208@/01 $a03-11-09 $bz 
209A/01 $a09.7128 $du $f050 $h09 7128 $x00 
209C/01 $a09.7128 G $h09 7128 G 
209G/01 $a72430069 $x00 
220C/01 $awar/gro 
237A/01 $aKopie 
247C/01 $8358050-7 Marburg, Bibliothek des Herder-Instituts Marburg $9102600961 

exp: 10736333 24 2 #EPN
201B/02 $003-11-09 $t15:58:13.000 
201C/02 $003-11-09 
201U/02 $0utf8 
203@/02 $058390307X 
208@/02 $a03-11-09 $bz 
209A/02 $aCD-ROM 600 $dd $f050 $hCD ROM 600 $x00 
209C/02 $a09.7129 G $h09 7129 G 
209G/02 $a72498909 $x00 
220C/02 $agro 
237A/02 $aDigitalisat. - Papierausdruck möglich 
247C/02 $8358050-7 Marburg, Bibliothek des Herder-Instituts Marburg $9102600961 

lok: 10736333 76
101B    $015-08-22 $t22:47:28.000 
101C    $015-08-22 
101U    $0utf8 
144Z/01 $aElbing / Sankt Nikolai 
144Z/02 $aFührer 

exp: 10736333 76 1 #EPN
201B/01 $015-08-22 $t22:47:28.000 
201U/01 $0utf8 
203@/01 $0745691838 
208@/01 $a03-12-14 $br 
209A/01 $a2008:3672 $du $f000 $h2008 3672 $x00 
209C/01 $a2008:3672 $h2008 3672 
209G/01 $aFUL2$0479035 $x00 
209G/01 $aMagazin $x01 
245S/01 $aKunst $x01 
247C/01 $8648002-0 Fulda, Bibliothek des Bischöflichen Priesterseminars $9320103366 

lok: 10736333 78

exp: 10736333 78 1 #EPN
201B/01 $020-12-17 $t22:58:55.000 
201U/01 $0utf8 
203@/01 $0792131118 
208@/01 $a12-11-16 $be 
209A/01 $a/ $f000 $x00 
220C/01 $aTitelaufnehmer: uz 
220C/01 $aHerkunft: UMK/BU Toruń 
244Z/01 $2Trx $#Prusy Wschodnie i Zachodnie $8--Trx--Ost- und Westpreußen $x01 $939113373X 
244Z/01 $#Elbing $#Elbing Elbląg $71028071-6 $8--Tg1--Elbląg $x02 $9042042631 
244Z/01 $2Trx $#kirikud hooned $#bažnyčių pastatai $#churches buildings $#templomok épületek $#kościoły budynki $#kostoly budovy $#kostely budovy $8--Trx--Kirchen$gGebäude $x03 $9391363778 
244Z/01 $2Trx $#kunst, sakraalne $#sakralinis menas $#Art, sacred $#müvészet, szakrális $#sztuka sakralna $#umenie sakrálne $#umění sakrální $8--Trx--Kunst, sakrale $x04 $9391354639 
244Z/01 $2Trx $#arhitektuur, sakraalne $#sakralinė architektūra $#Architecture, sacral $#építészet, szakrális $#architektura sakralna $#architektúra, sakrálna $#architektura sakrální $#Kirchenbau $#stavba kostolov $8--Trx--Architektur, sakrale $x05 $9391375059 
244Z/01 $2Trx $#pildiraamatud $#albumai $#Illustrated books $#képes könyvek $#albumy $#albumy $#alba $#picture books $8--Trx--Bildbände $x06 $9391378953 
244Z/01 $2Trx $8--Trx--Monographie $x07 $9391384546 
245Z/01 $a13.03 $x01 
245Z/01 $a11.11 $x02 
247C/01 $82080>Marburg/Lahn, Herder-Institut, Forschungsbibliothek, Bibliographieportal $9336309341 

lok: 10736333 204

exp: 10736333 204 1 #EPN
201B/01 $019-08-22 $t11:09:39.000 
201C/01 $015-08-22 
201U/01 $0utf8 
203@/01 $0121241070X 
208@/01 $a19-08-22 $bzUB 
209A/01 $a4o 22.685.96 $du $f000 $h22 685 96 $x00 
209G/01 $a22685961 $x00 
245S/01 $a10200 $x01 
247C/01 $8631000-x <26>Gießen, Universität Gießen, Universitätsbibliothek Gießen $9102596697
LEADER 00000cam a2200000 c 4500
001 10736333X
003 DE-603
005 20230519215202.0
007 tu
008 020926s1999 xx |||| | u00||u|ger
015 |a 02,A41,1503  |2 dnb 
016 7 |2 DE-101  |a 965179893 
020 |a 838809100X  |c Pp. 
035 |a (DE-599)DNB965179893 
035 |a (DE-603)351378294 
035 |a (OCoLC)76394517 
040 |a DE-603  |b ger  |c DE-603  |d DE-603 
041 |a ger  |a pol 
043 |c XA-PL 
082 0 4 |8 1\u  |a 709.43832  |q DE-101  |2 23/BSB 
083 0 |8 2\u  |a 200.943832  |q DE-101  |2 23/BSB 
083 0 |8 3\u  |a 307.094382  |q DE-101  |2 23/BSB 
084 |a 45  |a 12  |a 46  |q DE-101  |2 sdnb 
084 |a 31.3ab  |a 3.5a  |q DE-101  |2 sdnb 
085 |8 1\u  |b 709 
085 |8 1\u  |z 2  |s 43832 
085 |8 2\u  |b 200.9 
085 |8 2\u  |z 2  |s 43832 
085 |8 3\u  |b 307.09 
085 |8 3\u  |z 2  |s 4382 
085 |8 3\u  |z 2  |s 43832 
090 |a b 
245 0 0 |a Katedra pw. św. Mikołaja w Elbla̜gu  |c [red. naczelny: Artur Kubasik] 
246 1 |i Übersetzung des Haupttitel  |a Die Kathedrale St. Nikolai in Elbing 
250 |a Wyd. 1 
264 1 |a Elbla̜g  |b [Pomorska Oficyna Wydawniczo-Reklamowa]  |c 1999 
264 1 |a Bydgoszcz ˜[u.a.]œ  |b Pomorska Oficyna  |c 1999 
300 |a [102] Seiten  |b Illustrationen  |c 29 cm 
336 |a Text  |b txt  |2 rdacontent 
336 |a unbewegtes Bild  |b sti  |2 rdacontent 
337 |a ohne Hilfsmittel zu benutzen  |b n  |2 rdamedia 
338 |a Band  |b nc  |2 rdacarrier 
546 |a Text polnisch und deutsch 
651 7 |a Sankt Nikolai  |g Elbing  |0 (DE-588)4449618-7  |0 (DE-603)088834980  |2 gnd 
655 7 |a Führer  |2 gnd-content  |0 (DE-588)4155569-7  |0 (DE-603)085661619 
700 1 |a Kubasik, Artur  |e Herausgeber  |4 edt  |0 (DE-603)155060023 
856 4 2 |m V:DE-603;B:DE-Mb50  |q application/pdf  |u http://scans.hebis.de/HEBCGI/show.pl?10736333_toc.pdf  |3 Inhaltsverzeichnis 
924 0 |9 Mb 50  |a (DE-603)215185536  |b DE-Mb50  |c HES  |d c  |g 09.7128 
924 0 |9 Mb 50  |a (DE-603)58390307X  |b DE-Mb50  |c HES  |d d  |g CD-ROM 600 
924 0 |9 Ful 2  |a (DE-603)745691838  |b DE-Ful2  |c HES  |d d  |g 2008:3672 
924 0 |9 2080  |a (DE-603)792131118  |b DE-2080  |c HES  |d d  |g / 
924 0 |9 26  |a (DE-603)121241070X  |b DE-26  |c HES  |d c  |g 4o 22.685.96